00847nam a2200193 a 450000100100000000500170001000800410002702000150006804000250008310000380010824501310014626000720027730000200034949000470036971000610041683000540047795201050053199900170063600004173520201002035727.0131016s1995 sp 000 0 spa d a8400075420 aDO-SdBNPbspacBNPHU1 aFernández Tejero, Emilia96557313aLa Masora Magna del Códice de Profetas de el Cairo :bTranscripción alfabético-analítica /cEmilia Fernández Tejero. aMadrid :bConsejo Superior de Investigaciones Científicas,c1995. a331 p ;c25 cm.1 aTexto en hebreo, prefacio en españolv582 aConsejo Superior de Investigaciones Científicas,94786 0aTexto en hebreo, prefacio en españolv58968578 001050718MOaGRbGRcCTd2013-10-16iLF1l0o p41735-10r2020-06-25w2020-06-25y1ZNo se presta c41224d41224